000
00292nam a2200097Ia 4500
008
220120s9999||||xx |||||||||||||| ||und||
100
_a
Anil Purushotham and Madhu M
_9
12374
245
0
_a
Process migration
260
_a
Coorg Institute of Technology
_b
Ponnampet
_c
2012
650
_a
COMPUTER SCIENCE
999
_c
137961
_d
137961